Lawrence of Arabia : (Record no. 109115)
[ view plain ]
| 000 -LEADER | |
|---|---|
| fixed length control field | 00388nam a2200133 a 4500 |
| 005 - DATE AND TIME OF LATEST TRANSACTION | |
| control field | 20140414093838.0 |
| 008 - FIXED-LENGTH DATA ELEMENTS--GENERAL INFORMATION | |
| fixed length control field | 030923s19uu xx 00 eng d |
| 050 ## - LIBRARY OF CONGRESS CALL NUMBER | |
| Classification number | CD 800 |
| Item number | OR #09 |
| 245 ## - TITLE STATEMENT | |
| Title | Lawrence of Arabia : |
| Remainder of title | one of the greatest Epic movie classic of all time / |
| Statement of responsibility, etc | edited by: Anne V. Coates. |
| 500 ## - GENERAL NOTE | |
| General note | (disc 1, 2, 3, 4) |
| 650 ## - SUBJECT ADDED ENTRY--TOPICAL TERM | |
| Topical term or geographic name as entry element | Movie |
| 942 ## - ADDED ENTRY ELEMENTS (KOHA) | |
| Koha item type | Audio Visual Materials |
| Withdrawn status | Lost status | Damaged status | Home library | Current library | Shelving location | Date acquired | Source of acquisition | Cost, normal purchase price | Total Checkouts | Full call number | Barcode | Date last seen | Price effective from | Koha item type |
|---|---|---|---|---|---|---|---|---|---|---|---|---|---|---|
| Luxembourg Library | Luxembourg Library | Audio Visual Material Section | 09/23/2003 | 199.00 | CD 800 OR #09 | AV0726 | 04/14/2014 | 04/14/2014 | Audio Visual Materials |